Analýza nákladov a ich zobrazenie v manažérskom účtovníctve diplomová práca

Salvato in:
Dettagli Bibliografici
Autore principale: Trsťan, Ondrej
Ente Autore: Fakulta hospodárskej informatiky EU. Katedra účtovníctva a audítorstva
Altri autori: Mokošová, Daša, 1979-
Natura: Libro
Lingua:slovacco
Pubblicazione: Bratislava 2014
Tags: Aggiungi Tag
Nessun Tag, puoi essere il primo ad aggiungerne!!

MARC

LEADER 00000nbm a2200000 4500
001 0197427
005 20161212111324.8
041 0 |a slo 
044 |a SK 
245 1 0 |a Analýza nákladov a ich zobrazenie v manažérskom účtovníctve  |b diplomová práca  |c Ondrej Trsťan ; školiteľ: Daša Mokošová 
264 1 |a Bratislava  |c 2014 
300 |a 66 s. 
100 1 |a Trsťan, Ondrej 
700 1 |a Mokošová, Daša, 1979- 
710 2 |a Fakulta hospodárskej informatiky EU. Katedra účtovníctva a audítorstva